000 00778nam a2200253Ia 4500
003 OSt
005 20220928115338.0
006 a|||||r|||| 00| 0
007 ta
008 220927b |||||||| |||| 00| 0 eng d
020 _c4526.3999999999996
024 _a107487
037 _b60, 08/02/2010, Om Book Distributors
_cTextual
040 _aSDCL
_cSDCL
_beng
041 _2eng
_aeng
082 _aX64.4'P, P9
100 _aLo Chi
_9443929
245 0 _aAsia and the subprime crisis
_b Lifting the veil on the 'financial tsunami'.
260 _aLondon
_bPalgrave Macmillan
_c2009
300 _axi,127p
_ccm.
650 _aBuisness Economics
942 _hX64.4'P, P9
_cTEXL
_2CC
999 _c759046
_d759046